[Event "Linares 26th"]
[Site "Linares"]
[Date "2009.02.24"]
[Round "5"]
[White "Wang, Yue"]
[Black "Aronian, Levon"]
[Result "1/2-1/2"]
[WhiteElo "2739"]
[BlackElo "2750"]
[Annotator "CB"]
[PlyCount "52"]
[EventDate "2009.02.19"]
[EventType "tourn"]
[EventRounds "14"]
[EventCountry "ESP"]
[EventCategory "21"]
[SourceTitle "CBM 129"]
[Source "ChessBase"]
[SourceDate "2009.03.25"]
[SourceVersion "1"]
[SourceVersionDate "2009.03.25"]
[SourceQuality "1"]

1. d4 d5 2. c4 c6 3. Nf3 Nf6 4. e3 Bg4 5. Qb3 Qb6 6. Nc3 e6 7. Nh4 Bh5 8. h3
Be7 9. g4 Bg6 10. Nxg6 hxg6 11. Bg2 g5 12. c5 ({In the game versus the Russian
Grandmaster Inarkiev from December 2008, the Chinese Grandmaster played} 12.
O-O Nbd7 13. Qxb6 axb6 14. cxd5 Nxd5 {but after} 15. Ne2 O-O 16. a3 b5 17. Rb1
N5b6 18. Rd1 Nc4 19. Bf1 Ndb6 {Black had reached a comfortable equality, Wang
Yue (2736)-Inarkiev,E (2669)/Elista 2008}) 12... Qxb3 13. axb3 {# In such a
pawn structure the most important question is whether White is able to advance
the b-pawn to b5 or not.} Na6 $1 {The only way to stop White's advance
b3-b4-b5. This is sufficient for Black to hold the balance.} (13... Nbd7 14. b4
a6 {doesn't prevent the further advance of the b-pawn. White plays} 15. b5 cxb5
16. Nxb5 {using the pin on the a-file. Next White retreats the knight from b5
and advances b4-b5 again, with better prospects.}) 14. Bd2 Nc7 15. f4 ({Now} 
15. b4 {makes little sense, since after} a6 {the rook a8 is protected and
White cannot play 16.b5.}) 15... gxf4 16. exf4 g6 {# The closed character of
the position brings White's bishop pair to nothing. Together with the fact
that Black has no weaknesses, that means White can't play for a win without
major risk. The same is valid for Black, who in order to play for a win must
open the position somehow, which will only favour White's bishop pair. Both
opponents perfectly understood each other's intentions and repeated the
position soon.} 17. Be3 a6 18. Ke2 Rh7 19. Bf2 O-O-O 20. Raf1 Rdh8 21. Kd3 Bd8
22. Be1 Kd7 23. b4 Kc8 24. Bd2 Kd7 25. Be1 Kc8 26. Bd2 Kd7 1/2-1/2

[Event "Wch Blitz 4th"]
[Site "Moscow"]
[Date "2009.11.18"]
[Round "34"]
[White "Aronian, Levon"]
[Black "Mamedyarov, Shakhriyar"]
[Result "1-0"]
[WhiteElo "2786"]
[BlackElo "2719"]
[PlyCount "117"]
[EventDate "2009.11.16"]
[EventType "tourn (blitz)"]
[EventRounds "42"]
[EventCountry "RUS"]
[EventCategory "19"]
[SourceTitle "EXT 2010"]
[Source "ChessBase"]
[SourceDate "2010.11.25"]
[SourceVersion "1"]
[SourceVersionDate "2010.11.25"]
[SourceQuality "1"]

1. d4 Nf6 2. c4 g6 3. Nc3 d5 4. Bg5 Ne4 5. Bh4 Nxc3 6. bxc3 Bg7 7. cxd5 Qxd5 8.
e3 c5 9. Be2 Nc6 10. Bf3 Qd6 11. Ne2 O-O 12. Qb3 cxd4 13. cxd4 e5 14. Bg3 Qe7
15. Bxc6 bxc6 16. dxe5 Ba6 17. Qc3 Rfd8 18. f3 Rab8 19. Kf2 Rd3 20. Qxc6 Rb6
21. Qc2 Bxe5 22. Bf4 Bxf4 23. Nxf4 Qxe3+ 24. Kg3 Rd2 25. Qe4 Qf2+ 26. Kh3 Rf6
27. Rac1 h6 28. Rc6 Rxf4 29. Rxg6+ fxg6 30. Qxg6+ Kf8 31. Qxh6+ Ke7 32. Qg5+
Rf6 33. Qg7+ Ke6 34. Qg8+ Rf7 35. Qg6+ Ke7 36. Qg5+ Kf8 37. Qh6+ Rg7 38. Qf6+
Kg8 39. Qe6+ Kh7 40. Qf5+ Kg8 41. Qe6+ Kf8 42. Qf6+ Ke8 43. Qxg7 Bc8+ 44. g4
Qxf3+ 45. Kh4 Qxh1 46. Qg6+ Kd7 47. Qf5+ Kc7 48. Qa5+ Kc6 49. Qxd2 Qe4 50. Qc3+
Kb7 51. h3 Be6 52. a3 a6 53. Kg5 Kb6 54. Qg3 a5 55. h4 Qd4 56. h5 a4 57. Qb8+
Kc6 58. Qa8+ Kd6 59. Qd8+ 1-0

[Event "Leon 23rd"]
[Site "Leon"]
[Date "2010.06.05"]
[Round "1.1"]
[White "Dominguez Perez, Leinier"]
[Black "Aronian, Levon"]
[Result "1/2-1/2"]
[WhiteElo "2713"]
[BlackElo "2783"]
[Annotator "CB"]
[PlyCount "33"]
[EventDate "2010.06.04"]
[EventType "k.o. (rapid)"]
[EventRounds "2"]
[EventCountry "ESP"]
[SourceTitle "CBM 136 Extra"]
[Source "ChessBase"]
[SourceDate "2010.07.02"]
[SourceVersion "2"]
[SourceVersionDate "2010.07.15"]
[SourceQuality "1"]

{El armenio Levon Aronian y el cubano Lenier Domínguez han cruzado armas ocho
ocasiones antes de encontrarse en esta semifinal del XXXIII Magistral Ciudad
de León logrando cada uno ganar dos partidas. En 2010 el prestigioso torneo
Melody Amber ha sido el escenario de su último enfrentamiento, allí Aronian se
imponía en el miniencuentro por 1,5 a 0,5.} 1. e4 e5 2. Nf3 Nc6 3. Bb5 Nf6 {
Aronian opta con frecuencia por la berlinesa} 4. d3 ({Lenier prefiere no
examinar a su rival en el final que resulta de la continuación principal} 4.
O-O Nxe4 5. d4 Nd6 6. Bxc6 dxc6 7. dxe5 Nf5 8. Qxd8+ Kxd8) 4... Bc5 5. c3 ({
La semana pasada Alexei Shirov probó} 5. Bxc6 dxc6 6. Be3 Bd6 7. Nbd2 Ng4 8.
Bg5 f6 9. Bh4 Be6 10. h3 Nh6 11. d4 exd4 12. e5 Be7 13. exf6 gxf6 14. Qe2 Qd5
15. O-O-O Nf5 16. Rhe1 Kf7 17. Ne4 Qxa2 18. Nxd4 Qa1+ 19. Kd2 Qa5+ 20. Kc1 Qa1+
21. Kd2 Qa5+ 22. Kc1 {1/2-1/2 Shirov,A (2742)-Bacrot,E (2710) Odessa 2010})
5... O-O 6. O-O Re8 7. Nbd2 d6 8. d4 {Lenier aprovecha la situación de la
torre en e8} exd4 9. cxd4 {pero...} Nxd4 $5 {Aronian, casi sin pensar, entrega
la calidad: un peón y la pareja de alfiles parecen ser para él suficiente
compensación} 10. Bxe8 Qxe8 11. Nxd4 Bxd4 12. h3 Bd7 13. Re1 Bc6 14. Nf3 Bb6
15. Be3 ({las complicaciones tras} 15. Nd4 {sólo favorecen a las negras por
ejemplo:} Nxe4 16. f3 Qe5 17. Be3 Ng5 {y no es posible} 18. f4 {por} Qe4 {
y las negras ganan.}) 15... Ba5 $1 (15... Nxe4 $1 16. Bxb6 axb6 17. Nd2 {
con muchos problemas para las negras}) 16. Bd2 Bb6 17. Be3 {y tablas: una
partida muy interesante a pesar de su brevedad.} 1/2-1/2

[Event "Leon 23rd"]
[Site "Leon"]
[Date "2010.06.05"]
[Round "1.2"]
[White "Aronian, Levon"]
[Black "Dominguez Perez, Leinier"]
[Result "1/2-1/2"]
[WhiteElo "2783"]
[BlackElo "2713"]
[Annotator "CB"]
[PlyCount "69"]
[EventDate "2010.06.04"]
[EventType "k.o. (rapid)"]
[EventRounds "2"]
[EventCountry "ESP"]
[SourceTitle "CBM 136 Extra"]
[Source "ChessBase"]
[SourceDate "2010.07.02"]
[SourceVersion "2"]
[SourceVersionDate "2010.07.15"]
[SourceQuality "1"]

1. d4 d5 2. Nf3 Nf6 3. c4 dxc4 {El aceptado, segunda defensa del cubano que
suele jugar con más frecuencia la Grunfeld; no es mala elección en nuestra
opinión.} 4. e3 e6 5. Bxc4 a6 6. O-O c5 7. dxc5 {Lo más sólido, Jugadores muy
técnicos como Kramnik, Bareev o Jusupov emplean esporádicamente este sistema e
intentan luchar por una mínima ventaja sin riesgo.} Bxc5 8. Qxd8+ Kxd8 9. Nbd2
Ke7 10. Be2 {Típica reagrupación de piezas dejando la casilla c4 para un
eventual salto de caballo y esperando que el negro defina su esquema de
desarrollo.} Bd7 {Lenier tiene mucha experiencia con esta jugada que ha puesto
a prueba nada menos que contra Bareev, Ivanchuk, Khenkin, y Carlsen.} ({
Débil sería} 10... b5 {por} 11. a4) 11. a3 ({El número uno del mundo Magnus
Carlsen le jugó a Dominguez en esta posición} 11. Rd1 Rd8 12. Nb3 Ba7 13. Ne5
Nc6 14. Nxd7 Rxd7 15. Rxd7+ Nxd7 16. Bd2 Nc5 17. Na5 Nxa5 18. Bxa5 Rc8 {
y el GM cubano logró conducir el final a buen puerto. Carlsen,M (2801)
-Dominguez Perez,L (2719) Moscú 2009}) 11... Ba7 ({En el memorial Capablanca
de 2006 Lenier contra Bareev probó} 11... Bb5 {inmediatamente} 12. Bxb5 axb5
13. Nb3 Bd6 14. Nfd4 b4 15. Nb5 bxa3 16. bxa3 Nc6 17. Nxd6 Kxd6 18. Rb1 Kc7 19.
Bb2 Rhd8 20. Rfc1 Rd5 21. Bxf6 gxf6 22. Nc5 Ra7 23. Ne4 Rd3 24. Nxf6 Raxa3 25.
Nxh7 {y acabó perdiendo en 58 jugadas}) 12. b4 Bb5 {Una decisión comprometida:
las negras tendrán una debilidad permanente en b5} 13. Bxb5 axb5 14. Bb2 Bb6
15. Nb1 $1 {Iniciando el asedio al peón de b5} Na6 (15... Ne8 {Encaminándose
hacia d6, era la sugerencia de los comentaristas radiofónicos}) 16. Nc3 Nc7 17.
e4 {Controlando d5, el alfil de casillas negras presunto beneficiario de esta
jugada no es peligroso por sí solo si no logra coordinar su acción con la de
alguna otra pieza} Rhd8 18. Rac1 Rd3 19. Rc2 Nfe8 20. e5 Rad8 21. Rfc1 h6 22.
h4 {Aronian va consolidando poco a poco su ventaja de espacio, pero de ahí a
hablar de ventaja aún queda un trecho.} R3d7 23. a4 {Un inesperado golpe que
cambia el carácter de la lucha cuando ambos tienen pocos segundos en el reloj.}
({el GM Iván Salgado opina que con} 23. g3 {las negras tendrían problemas para
encontrar jugadas útilles}) 23... bxa4 24. Ba3 Kf8 25. b5+ Kg8 26. Nxa4 Nxb5 $1
{Con pocos segundos Lenier calcula con precisión esta secuencia defensiva} 27.
Nxb6 Nxa3 28. Rc8 Rxc8 29. Rxc8 Rd1+ 30. Kh2 Kf8 31. Rb8 Nb5 32. Nc4 $6 (32.
Rxb7 {Conduce la partida a la igualdad}) 32... Rd7 33. Kg3 Ke7 34. Na5 Na7 ({
Tras} 34... Nc3 {sería Lenier quien podría crear algunos problemas}) 35. Rxb7 {
Y se acuerdan tablas} 1/2-1/2

[Event "Leon 23rd"]
[Site "Leon"]
[Date "2010.06.05"]
[Round "1.3"]
[White "Dominguez Perez, Leinier"]
[Black "Aronian, Levon"]
[Result "1/2-1/2"]
[WhiteElo "2713"]
[BlackElo "2783"]
[Annotator "CB"]
[PlyCount "100"]
[EventDate "2010.06.04"]
[EventType "k.o. (rapid)"]
[EventRounds "2"]
[EventCountry "ESP"]
[SourceTitle "CBM 136 Extra"]
[Source "ChessBase"]
[SourceDate "2010.07.02"]
[SourceVersion "2"]
[SourceVersionDate "2010.07.15"]
[SourceQuality "1"]

1. e4 e5 2. Nf3 Nc6 3. Bb5 Nf6 4. d3 d6 {En la primera partida las negras
optaron por la menos sólida 4...Bc5} 5. O-O Be7 6. c3 O-O 7. Re1 Re8 {Aronian
ha consumido 4 minutos en esta jugada. Lo más empleado es 7...Bd7.} 8. Nbd2 Bd7
9. Ba4 {Adelantándose a un Ca5 del negro.} Bf8 10. Nf1 Ne7 11. Bc2 Ng6 12. Ng3
c6 ({Una única partida en esta posición:} 12... d5 13. Bg5 dxe4 14. dxe4 Bg4
15. h3 Qxd1 16. Bxd1 Be6 17. Bxf6 gxf6 18. Nh5 Be7 19. Bb3 a5 20. Rad1 Red8 21.
Nh2 Rxd1 22. Rxd1 Rd8 23. Rxd8+ Bxd8 24. Ng4 Bxg4 25. hxg4 Nf4 26. Nxf4 exf4 {
1/2-1/2 Balogh,C (2562)-Aleksandrov,A (2614) Varsovia 2007}) 13. d4 h6 14. h3
Qc7 15. Be3 Rad8 16. a4 $5 {Una vez completado el desarrollo ganar espacio en
el flanco de dama es una posibilidad.} (16. Qd2 {era también muy lógica.})
16... Be6 (16... d5 {haciendo saltar por los aires el centro era más que
posible.}) 17. a5 b6 $6 {Mover el flanco de dama no parece lo más adecuado.} (
17... Bc4) (17... Nf4 $5) 18. axb6 axb6 19. Bd3 $5 {La dama blanca podría
pasar rápidamente al flanco de dama.} b5 $1 20. Qc2 Ra8 21. b4 Nd7 ({era
interesante} 21... Nf4 22. Bf1 Red8) 22. Nd2 Nb6 23. c4 {Una ruptura
determinante y definitoria del ala de dama.} bxc4 24. Nxc4 Bxc4 25. Bxc4 Nxc4
26. Qxc4 {Las blancas han conseguido algo más de espacio.} Qb7 27. Rxa8 Rxa8
28. Rc1 d5 29. Qxc6 Qxc6 30. Rxc6 exd4 31. Bxd4 Bxb4 32. Nf5 (32. exd5 Rd8)
32... Bf8 $6 (32... Ne7 $5 {Y no parece que haya problema alguno para igualar
definitivamente:} 33. Nxe7+ Bxe7 34. exd5 Rd8 {pero....} 35. Bc5 $1 Bf8 36. d6
f5 37. f4 Kf7 38. Kf2 Ke6 39. Ke3 Bxd6 40. Kd4 {Y quizás este posible final es
el que no le gustó a Aronian:} h5 41. g3 Rd7 42. Bxd6 Rxd6+ 43. Kc5 Rxc6+ 44.
Kxc6 g5 45. h4 $18) 33. exd5 Ra5 34. Ne3 Ne7 35. Rc5 {Ahora todo es forzado y
las blancas consiguen peón de más que se muestra insuficiente para ganar.} Rxc5
36. Bxc5 Nxd5 37. Bxf8 Nxe3 38. Bxg7 Nxg2 39. Bxh6 Nh4 40. Bf4 Kh7 41. Bg3 Nf5
42. Kg2 Kg6 43. Kf3 Nd4+ 44. Kg4 Ne6 45. Be5 f6 46. Bf4 f5+ 47. Kg3 Kh5 48. Be3
Kg6 49. Kf3 Kh5 50. Kg3 Kg6 1/2-1/2

[Event "Leon 23rd"]
[Site "Leon"]
[Date "2010.06.05"]
[Round "1.4"]
[White "Aronian, Levon"]
[Black "Dominguez Perez, Leinier"]
[Result "1-0"]
[WhiteElo "2783"]
[BlackElo "2713"]
[Annotator "CB"]
[PlyCount "321"]
[EventDate "2010.06.04"]
[EventType "k.o. (rapid)"]
[EventRounds "2"]
[EventCountry "ESP"]
[SourceTitle "CBM 136 Extra"]
[Source "ChessBase"]
[SourceDate "2010.07.02"]
[SourceVersion "2"]
[SourceVersionDate "2010.07.15"]
[SourceQuality "1"]

1. d4 d5 2. Nf3 Nf6 3. c4 dxc4 4. e3 e6 5. Bxc4 a6 6. O-O c5 7. a4 {Esta
jugada fue la favorita en su día de Mihail Botvinnik y una de sus principales
armas en su match por el campeonato del mundo de 1963 contra el más ilustre de
los ajedrecistas armenios, Tigran Petrosian. El público ha suspirado aliviado
al ver que Aronian no repetía la soporifera 7.dxc5} Nc6 8. Qe2 cxd4 9. Rd1 Be7
10. exd4 O-O 11. Nc3 Nd5 12. Qe4 Nf6 13. Qe2 Nd5 14. Bd2 ({En el mencionado
match Botvinnik ensayó} 14. Bd3 {y la partida resultó tablas después de una
apasionante lucha que recomendamos disfrutar a todo buen aficionado. Botvinnik,
M-Petrosian,T Moscú 1963}) 14... Bf6 ({Geller castigó duramente} 14... b6 {con}
15. Ne5 $1 Ncb4 16. Nxd5 exd5 17. Bxb4 Bxb4 18. Nc6 Qd6 19. Bxd5 Bb7 20. Nxb4
Bxd5 21. Nxd5 {y las blancas tienen peón limpio de más en la partida Geller,E 
(2610)-Tukmakov,V (2570) Amsterdam 1974}) 15. Qe4 Ncb4 16. Ne5 Bd7 $6 {
Sacrificando un peón para solucionar el problemático desarrollo del alfil dama.
} ({Estos comentaristas prefieren la más ordenada} 16... b6) 17. Nxd5 exd5 18.
Bxd5 Nxd5 19. Qxd5 Bxe5 ({La principal alternativa es} 19... Bf5 20. Qxd8 ({
no vale} 20. Qxb7 Bxe5 21. dxe5 {por} Bc2) 20... Rfxd8 21. Bc3 {con cierta
compensación gracias a la pareja de alfiles}) 20. dxe5 Bc6 21. Qc4 $1 {
Manteniendo el máximo material: una buena decisión en posiciones con
iniciativa y alfiles de distinto color.} Re8 22. Bf4 Qh4 23. Rd4 Rad8 24. f3 ({
Sería un imperdonable descuido la académica} 24. Rad1 $4 {por el golpe} Qxf4)
24... Rxd4 25. Qxd4 f6 $1 ({Cambiar las damas con} 25... g5 26. Be3 Qxd4 27.
Bxd4 Rd8 28. Bc3 {no soluciona todos los problemas de las negras pero el
blanco debería desplegar una técnica muy depurada para convertir su ventaja en
un punto.}) 26. Qe3 Qh5 27. Re1 (27. e6 Qd5 28. e7 Qd7 {no ayuda a las blancas
a incrementar la ventaja. Aronian opta por devolver el peón a cambio de
activar al máximo sus piezas, un procedimiento clásico en posiciones con
alfiles de distinto color donde la iniciativa es más importante que el
material.}) 27... fxe5 28. Bxe5 Bxa4 29. h3 Bc6 30. f4 Qg6 31. Qf2 Qf5 32. Rd1
({Pasar por la tercera fila con} 32. Re3 Rd8 33. Rg3 Rd7 (33... g6 {siempre da
miedo}) 34. Kh2 {es una interesante alternativa}) 32... Re6 33. Rd8+ Re8 34.
Rd2 Re6 35. Rd8+ Re8 36. Rxe8+ Bxe8 37. Bc3 Qe4 ({Jugar para el bloque con} 
37... h5 {es más seguro}) 38. f5 $1 {Aronian tienen a su disposición la
rompedora f6} Qe7 39. Qg3 Qf7 40. f6 Qg6 41. Qb8 ({Con} 41. Qxg6 hxg6 42. fxg7
{las blancas no podrían ganar}) 41... gxf6 42. Qxb7 f5 43. Qd5+ Kf8 44. Qc5+
Kg8 45. Qc4+ Kf8 46. Bb4+ Kg7 47. Qc5 h5 48. Qf8+ Kh7 49. Bc3 Qf7 50. Qh8+ Kg6
51. Bd2 f4 52. Qe5 ({Se puede ganar un peón con} 52. Bxf4 Qxf4 53. Qxe8+ Kh6
54. Qe6+ Kg7 {pero el final de damas ofrece demasiadas oportunidades de tablas
a las negras.}) 52... Bc6 53. Bxf4 Qd5 54. Qe2 Qd4+ 55. Be3 Qe4 56. Qf2 Bb7 57.
Bd4 Qc6 58. Bc3 h4 59. Qe2 Qe4 60. Qf2 Bd5 61. Bd2 Kh5 62. Bf4 Qb1+ 63. Kh2 Qe4
64. Bd6 Kg6 65. Bc7 Qe7 66. Qc2+ Qe4 67. Qd2 Kf5 68. Qf2+ Kg6 69. Qd2 Kf5 70.
Qf2+ Kg6 71. Bf4 Kh5 72. Bc1 Kg6 73. Qd2 Qe5+ 74. Kg1 Kf7 75. Qf2+ Qf6 76. Bf4
Kg6 77. Kh2 Qe7 78. Qf1 Qe6 79. Qd3+ Qe4 80. Qf1 Bc4 81. Qf2 Bd5 82. Bc7 Qe7
83. Qb6+ Qe6 84. Bd6 a5 $2 ({Dejando pasar la magnifica oportunidad de
salvación} 84... Qe2 85. Bf8+ Kf5 86. Qg1 Qxb2 {y tablas}) 85. Qc5 a4 86. Bc7
Qe4 87. Qf2 Qe7 88. Bf4 Qe4 89. Bc1 Qe5+ 90. Kg1 Qe4 91. Be3 Qe5 92. Qc2+ Qe4
93. Qe2 Qf5 94. Qd2 Qe4 95. Bb6 Qe5 96. Bd8 $1 Qe4 ({No era fácil salvar el
peón:} 96... Kh5 97. Qd1+ Kg6 98. Bxh4 Qe4 99. Qd2) 97. Bxh4 Bc6 98. Qg5+ Kf7
99. Kh2 Bd5 100. Bf2 Bc6 101. Bc5 Bd5 102. h4 Be6 103. Qh5+ Qg6 104. Qf3+ Qf5
105. Qb7+ Kg6 106. Bd6 Bd5 107. Qa6 Qe4 108. Bg3+ Kh5 109. Qf1 Kg6 110. Qf2 Kh5
111. Bf4 Qf5 112. Qe2+ Kg6 113. Qd2 Qe4 114. Bg3 Qf5 115. Bd6 Bc6 116. Qc3 Bd5
117. Qg3+ Kh5 118. Qg7 Be4 119. Bg3 Qg6 120. Qh8+ Kg4 121. Qc8+ Kh5 122. Qc4
Bc6 123. Qe2+ Kh6 124. Bf4+ Kh7 125. h5 Qe4 126. Qg4 Bd5 127. Qg5 Qe6 128. Be3
Qe4 129. Bd2 $6 ({Gana en el acto} 129. h6 {y si} Qg6 130. Qxd5) 129... Qe6
130. Qf4 Qe4 131. Qc7+ Kg8 132. Qg3+ Kf7 133. Bc3 Qf5 134. Qh4 Be4 135. h6 Qg6
{Una posición ganada difícil de ganar y aún más difícil de defender en la
práctica y con poco tiempo.} 136. Qf4+ Ke8 137. g4 Bc2 138. Kg3 Kd7 139. Kh4
Ke8 140. Bf6 Kd7 141. Qd4+ Kc6 142. Bg7 Kc7 143. Qf4+ Kd7 144. Bf6 Kc6 145. Bg5
Kd7 146. Qd4+ Kc6 147. Qd2 Qe4 148. Bf4 Qg6 149. Qd4 Kb7 150. Qc3 Kb6 151. Qc7+
Kb5 152. Be3 Qf6+ 153. g5 Qg6 {Una posición en la que ya se puede decir:
juegan blancas y ganan} 154. Qc5+ $1 Ka6 155. Qb6+ $1 {Y con este golpe
Aronian remata elegantemente la partida} Qxb6 156. Bxb6 Bg6 ({no cambia nada
con} 156... Kxb6 157. Kh5) 157. Kg4 Kxb6 158. Kf4 Kc5 159. Ke5 Kb4 160. Kf6 Be4
161. g6 {Y Lenier abandona esta maratoniana partida.} 1-0